Normal view
MARC view
- SUCCESS-PSYCHOLOGICAL ASPECTS .LEADERSHIP
Entry Topical Term
001 - CONTROL NUMBER
- control field: 60559
003 - CONTROL NUMBER IDENTIFIER
- control field: NUST
005 - DATE AND TIME OF LATEST TRANSACTION
- control field: 20210628202557.0
008 - FIXED-LENGTH DATA ELEMENTS
- fixed length control field: 210628|| aca||aabn | a|a d
040 ## - CATALOGING SOURCE
- Original cataloging agency: NUST
- Transcribing agency: NUST
150 ## - HEADING--TOPICAL TERM
- Topical term or geographic name entry element: SUCCESS-PSYCHOLOGICAL ASPECTS .LEADERSHIP
670 ## - SOURCE DATA FOUND
- Source citation: Work cat.: (NUST): Covey, Stephen R 346, Principle centered leadership, 1997
